[Event "AUTO-OPEN-4627"]
[Site "http://www.queenalice.com/game.php?id=1866247"]
[Date "2025.11.28"]
[Round "1"]
[White "ChessColossos"]
[Black "attib"]
[Result "1-0"]
[WhiteElo "1588"]
[BlackElo "1396"]

1. e4 e5 2. Nf3 Nc6 3. d4 exd4 4. Nxd4 d5 5. Nxc6 bxc6 6. exd5 cxd5 7. Bb5+ Bd7
8. Qxd5 Nf6 9. Bxd7+ Nxd7 10. O-O Nf6 11. Re1+ Be7 12. Qxd8+ 1-0

[Event "AUTO-OPEN-4627"]
[Site "http://www.queenalice.com/game.php?id=1866248"]
[Date "2025.11.28"]
[Round "1"]
[White "attib"]
[Black "ChessColossos"]
[Result "0-1"]
[WhiteElo "1405"]
[BlackElo "1579"]

1. d4 e6 2. Nf3 d5 3. Bf4 Bd6 4. Bg5 Be7 5. Bf4 Nc6 6. e3 Nf6 7. c4 O-O 8. Nc3
h6 9. c5 Nh5 10. Bg3 b6 11. Be2 bxc5 12. Ne5 Nxe5 0-1